000
00216nam a2200097Ia 4500
008
231212s1987 xx 000 0 und d
041
_a
eng
100
_a
Patharvat A
245
_a
Upashi
260
_a
Pune
_b
Sharyu
_c
1987
999
_c
960127
_d
960127